KEY ISSUE IN SPECIAL EDUCATION NEEDS INCLUSION (Record no. 17801)

MARC details
000 -LEADER
fixed length control field 00269nam a22001217a 4500
003 - CONTROL NUMBER IDENTIFIER
control field SGT
082 ## - DEWEY DECIMAL CLASSIFICATION NUMBER
Classification number 370
Item number HOD
100 ## - MAIN ENTRY--PERSONAL NAME
Personal name HIDKINSON. ALAN
245 ## - TITLE STATEMENT
Title KEY ISSUE IN SPECIAL EDUCATION NEEDS INCLUSION
260 ## - PUBLICATION, DISTRIBUTION, ETC. (IMPRINT)
Place of publication, distribution, etc USA
Name of publisher, distributor, etc SAGE
Year of Publication 2014
300 ## - PAGE DESCRIPTION
No. of Pages 188
942 ## - ADDED ENTRY ELEMENTS (KOHA)
Source of classification or shelving scheme Dewey Decimal Classification
Koha item type Books
Holdings
Withdrawn status Lost status Source of classification or shelving scheme Damaged status Not for loan Collection code Home library Current library Shelving location Date acquired SGTU Full call number Accession No. (Barcode) Date last seen Bill Date Koha item type
    Dewey Decimal Classification   Not For Loan EDUCATION SGT Engineering Library SGT Engineering Library Reference Book 18/04/2019 SGTU 370 HOD ED4261 18/04/2019 18/04/2019 Books